Statystyki dla Landy w Niemczech

Kliknij tutaj aby rozwiązać quiz!

Ogólne statystyki

  • Ten quiz został rozwiązany 703 razy
  • Średni wynik to 7 z 16

Statystyki odpowiedzi

LpNazwa landu% Poprawnych
2Bawaria
93%
13Saksonia
73%
3Berlin
65%
6Hamburg
52%
11Nadrenia-Palatynat
46%
5Brema
41%
15Szlezwik-Holsztyn
41%
10Nadrenia Północna-Westfalia
37%
7Hesja
33%
9Dolna Saksonia
32%
16Turyngia
30%
14Saksonia-Anhalt
27%
8Meklemburgia-Pomorze Przednie
25%
12Saara
23%
1Badenia-Wirtembergia
22%
4Branderburgia
16%

Rozkład punktacji

Percentyl według liczby udzielonych odpowiedzi

Procent ludzi z każdym wynikiem

Twoja historia wyników

Nie rozwiązałeś tego quizu